Recursos para el aula con ms office
Guardado en:
| Formato: | Libro |
|---|---|
| Publicado: |
Buenos Aires :
Ministerio de Educación, Ciencia y Tecnología,
2005
|
| Series: | Colección educ.ar; No. 6
|
| Materias: | |
| Etiquetas: |
Agregar Etiqueta
Sin Etiquetas, Sea el primero en etiquetar este registro!
|
| LEADER | 00692nam a22001935a 4500 | ||
|---|---|---|---|
| 001 | CEM.cems012792 | ||
| 005 | 20080526124127.0 | ||
| 008 | 130507s2005##################000#0#####d | ||
| 003 | CEMS | ||
| 020 | |a 9872145865 | ||
| 082 | 0 | 4 | |a CD370 |
| 245 | 0 | 0 | |a Recursos para el aula con ms office |
| 260 | |a Buenos Aires : |b Ministerio de Educación, Ciencia y Tecnología, |c 2005 | ||
| 300 | |a 1 CD-ROM | ||
| 490 | 0 | |a Colección educ.ar; No. 6 | |
| 505 | 0 | |a Recursos para el aula con MS Office -- Marco teórico -- Actividades con MS Office -- Núcleos de aprendizajes prioritarios | |
| 653 | |a Educación | ||
| 653 | |a Ms office-actividades | ||
| 859 | |a CEMS |b BIB. CEMS - 11 de abril |h CD370 |i Ar37 |p 2187.44 |t Ej.1 |v 6 |3 6 | ||
